| 000 | 00334nam a2200133Ia 4500 | ||
|---|---|---|---|
| 008 | 210210b1986 xxu||||| |||| 00| 0 eng d | ||
| 082 | _a027.7 LYLC | ||
| 100 | _aLYLE (Guy R). | ||
| 245 | _aCollege Library Publicity. | ||
| 260 |
_aND _bReliance Publishing House _c1986 |
||
| 300 | _a113 | ||
| 690 | _aLibrary Science | ||
| 906 | _a039124 | ||
| 999 |
_c89044 _d89044 |
||